Statistics for Victorian authors

Click here to take the quiz!

General Stats

  • This quiz has been taken 179 times
  • The average score is 9 of 15

Answer Stats

HintAnswer% Correct
Great ExpectationsCharles DICKENS
95%
Jane EyreCharlotte BRONTE
92%
Wuthering HeightsEmily BRONTE
92%
Treasure IslandRobert Louis STEVENSON
87%
Alice's Adventures in WonderlandLewis CARROLL
83%
The Mayor of CasterbridgeThomas HARDY
72%
The Mill on the FlossGeorge ELIOT
66%
Agnes GreyAnne BRONTE
62%
The Woman in WhiteWilkie COLLINS
62%
Vanity FairWilliam THACKERAY
58%
Barchester TowersAnthony TROLLOPE
38%
CranfordElizabeth GASKELL
36%
Tom Brown's School DaysThomas HUGHES
11%
The EgoistGeorge MEREDITH
7%
The Wife, and Woman's RewardCaroline NORTON
2%

Score Distribution

Percentile by Number Answered

Percent of People with Each Score

Your Score History

You have not taken this quiz